000 00773cam a22002777a 4500
001 001047
003 armpunfd
005 20140612090628.0
008 011217e0####xx#a##########000#0##nd#d
040 _aarmpunfd
_carmpunfd
080 _a347.451 B 664
100 1 0 _a Borda, Guillermo A.
245 1 0 _aTratado de derecho civil : contratos
260 _a Buenos Aires
_b Perrot
300 _a795p.
650 7 _a Cesion De Locacion
_2LEMB
650 7 _a Compraventa
_2LEMB
650 7 _a Contratos
_2LEMB
650 7 _a Locacion De Cosas
_2LEMB
650 7 _a Obligaciones De Locador
_2LEMB
650 7 _a Obligaciones Del Vendedor
_2LEMB
650 7 _a Sublocacion
_2LEMB
942 _cLB
_2cdu
945 _aCatalis
_d2010-08-19
945 _asa
_d2013-10-29
999 _c1038
_d231542